Statistiques concernant Focus sur: Elenwë - Tolkien

Cliquez ici pour prendre le quiz!

Statistiques générales

  • Ce quiz a été pris 4 fois
  • Le résultat moyen est 6 sur 8

Statistiques - réponses

Informations recherchéesRéponses% Correct
Couleur des cheveuxDoré
100%
EspèceElfe
100%
Première apparitionLe Silmarillion
100%
ContréeValinor
100%
Age durant lequel elle vécutAnnée des Arbres
50%
EpouxTurgon
50%
FilleIdril
25%
Groupe de l'espèceVanyar
25%

Distribution des résultats

Percentile par nombre de réponses

% des personnes avec chaque résultat

Votre développement - résultats

Vous n’avez pas pris ce quiz